书目信息 |
| 题名: |
国有企业领导人员经济责任审计监督机制研究
|
|
| 作者: | 贾震 著 | |
| 分册: | ||
| 出版信息: | 北京 红旗出版社 2005.06 |
|
| 页数: | 225页 | |
| 开本: | 26cm | |
| 丛书名: | ||
| 单 册: | ||
| 中图分类: | F239.62 | |
| 科图分类: | ||
| 主题词: | 国营企业--领导人员--经济责任制--审计--研究--中国 | |
| 电子资源: | ||
| ISBN: | 7-5051-1242-2 | |
| 000 | 00945nam0 2200241 450 | |
| 001 | 0104000024 | |
| 005 | 20051124115123.1 | |
| 010 | @a7-5051-1242-2@dCNY31.00 | |
| 100 | @a20081126d2005 ekmy0chiy0120 ea | |
| 101 | 0 | @achi@deng |
| 102 | @aCN@b110000 | |
| 105 | @ay z 000yy | |
| 106 | @ar | |
| 200 | 1 | @a国有企业领导人员经济责任审计监督机制研究@AGuo You Qi Ye Ling Dao Ren Yuan Jing Ji Ze Ren Shen Ji Jian Du Ji Zhi Yan Jiu@f贾震著@FJia Zhen Zhu |
| 210 | @a北京@c红旗出版社@d2005.06 | |
| 215 | @a225页@d26cm | |
| 330 | @a本书通过对经济责任审计研究现状的分析,揭示出我国审计资源短缺与审计任务繁重的突出矛盾。为解决这一矛盾,研究了经济责任审计资源利用效率影响因素及其相互关系,提出对国有企业领导人员经济责任审计监督的有效机制。 | |
| 606 | 0 | @a国营企业@x领导人员@x经济责任制@x审计@x研究@y中国 |
| 690 | @aF239.62@v4 | |
| 701 | 0 | @a贾震@AJia Zhen@4著 |
| 801 | 0 | @aCN@bHTDF@c20081126 |
| 905 | @aBZT@dF239.62@e2 | |
| 906 | @dCNY31.00@n0@r1 | |
| 国有企业领导人员经济责任审计监督机制研究/贾震著.-北京:红旗出版社,2005.06 |
| 225页;26cm |
| ISBN 7-5051-1242-2:CNY31.00 |
| 本书通过对经济责任审计研究现状的分析,揭示出我国审计资源短缺与审计任务繁重的突出矛盾。为解决这一矛盾,研究了经济责任审计资源利用效率影响因素及其相互关系,提出对国有企业领导人员经济责任审计监督的有效机制。 |
| ● |
| 相关链接 |
|
|
|
正题名:国有企业领导人员经济责任审计监督机制研究
索取号:F239.62/2
 
预约/预借
| 序号 | 登录号 | 条形码 | 馆藏地/架位号 | 状态 | 备注 |
| 1 | 704312 | 2000704312 | 中心书库北库/ 北库009架A面1列4层25/ [索取号:F239.62/2] | 在馆 | |
| 2 | 704313 | 2000704313 | 中心书库北库/ 北库009架A面1列4层24/ [索取号:F239.62/2] | 在馆 | |
| 3 | 704314 | 2000704314 | 中心书库北库/ 北库009架A面1列4层22/ [索取号:F239.62/2] | 在馆 | |
| 4 | 704315 | 2000704315 | 中心书库北库/ 北库009架A面1列4层34/ [索取号:F239.62/2] | 在馆 | |
| 5 | 704316 | 2000704316 | 中心书库北库/ 北库009架A面1列4层33/ [索取号:F239.62/2] | 在馆 | |
| 6 | 704317 | 2000704317 | 中心书库北库/ 北库009架A面1列4层32/ [索取号:F239.62/2] | 在馆 | |
| 7 | 704318 | 2000704318 | 中心书库北库/ 北库009架A面1列4层31/ [索取号:F239.62/2] | 在馆 | |
| 8 | 704319 | 2000704319 | 中心书库北库/ 北库009架A面1列4层30/ [索取号:F239.62/2] | 在馆 | |
| 9 | 704320 | 2000704320 | 中心书库北库/ 北库009架A面1列4层35/ [索取号:F239.62/2] | 在馆 | |
| 10 | 704321 | 2000704321 | 中心书库北库/ 北库009架A面1列4层23/ [索取号:F239.62/2] | 在馆 | |
| 11 | 712592 | 2000712592 | 中心书库北库/ 北库009架A面1列4层21/ [索取号:F239.62/2] | 在馆 | |
| 12 | 712593 | 2000712593 | 中心书库北库/ 北库009架A面1列4层28/ [索取号:F239.62/2] | 在馆 | |
| 13 | 712594 | 2000712594 | 中心书库北库/ 北库009架A面1列4层26/ [索取号:F239.62/2] | 在馆 | |
| 14 | 712595 | 2000712595 | 中心书库北库/ 北库009架A面1列4层27/ [索取号:F239.62/2] | 在馆 | |
| 15 | 712596 | 2000712596 | 中心书库北库/ 北库009架A面1列4层29/ [索取号:F239.62/2] | 在馆 | |
| 16 | 712597 | 2000712597 | 中心书库北库/ 北库009架A面1列4层36/ [索取号:F239.62/2] | 在馆 | |
| 17 | 712598 | 2000712598 | 中心书库北库/ 北库009架A面1列4层37/ [索取号:F239.62/2] | 在馆 | |
| 18 | 712599 | 2000712599 | 中心书库北库/ 北库009架A面1列4层38/ [索取号:F239.62/2] | 在馆 | |
| 19 | 712600 | 2000712600 | 中心书库北库/ 北库009架A面1列4层39/ [索取号:F239.62/2] | 在馆 | |
| 20 | 712601 | 2000712601 | 中心书库北库/ 北库009架A面1列4层40/ [索取号:F239.62/2] | 在馆 |